000 00661nam a2200229 a 4500
008
020 _a1576820793 (pbk. )
049 _aMAIN
090 _aQA276.4. AXU
245 0 _aAxum 6.0 user's guide,
_b data analysis products division /
_cMathsoft, Seattle, WA.
260 _aCambridge :
_bMathsoft,
_c1999.
300 _axii, 500 p. :
_bill. ;
_c20 cm.
440 _aMathsoft
500 _aIncludes index.
650 _aComputers
650 _aComputers
_xdata analysis
907 _a.b10233817
_b30-05-07
_c20-02-07
003
005 20230123134407.0
040 _cNUST
942 _cBOOKS
_kQA276.4. AXU
999 _c165130
_d165130